000 00827nam a22002297a 4500
005 20240530110653.0
008 171216s2015 ua ao g b 000 0 ara d
017 _a2015/26223
_bمصر. دار الكتب
020 _a9789774279478
040 _aEG-CaGPL
_cEG-CaGPL
082 0 4 _221
_a219.9\
_bخ خ
100 0 _aخالد زيادة
245 1 2 _aالخسيس والنفيس :
_bالرقابة والفساد فى المدينة الاسلامية /
_cخالد زيادة
250 _aط.1
260 _aالقاهرة :
_c2015 .
300 _a119 ص. ؛
_c22 سم.
504 _aيشتمل على ارجاعات ببليوجرافية
650 0 7 _2qrmak
_aالفساد الادارى
650 0 7 _2qrmak
_aالاسلام و الدولة
942 _2ddc
_cBK
999 _c63672
_d63672